New interchange 2 : video [Băng Video] /

Spremljeno u:
Bibliografski detalji
Glavni autor: Chastain, Ronald
Autor kompanije: Richards, Jack C.
Format: CD
Jezik:Vietnamese
Izdano: Cambridge : Cambridge University Press, 1998
Oznake: Dodaj oznaku
Bez oznaka, Budi prvi tko označuje ovaj zapis!
Thư viện lưu trữ: Thư viện Trường Đại học Đà Lạt
LEADER 00740nam a2200301 4500
001 DLU030024461
003 ##DLU
005 ##20021230
008 ##021230t vn z000 vie d
020 # # |a 0521628482 
040 # # |a DLU  |b vie 
041 # # |a vie 
044 # # |a vn 
082 # # |a 428  |b RI-J 
100 # # |a Chastain, Ronald  
245 # # |a New interchange 2 :  |b video [Băng Video] /  |c Ronald Chastain, ... [et al] 
260 # # |a Cambridge :  |b Cambridge University Press,  |c 1998 
300 # # |a 1 băng video 
710 # # |a Richards, Jack C. 
992 # # |a 0 
994 # # |a DLU 
900 # # |a True 
911 # # |a Lê Nguyên Khang 
925 # # |a VA 
926 # # |a A 
927 # # |a CD 
980 # # |a Thư viện Trường Đại học Đà Lạt